01027nam a2200217Ia 4500001001100000008004100011090002200052100004400074245020400118260003100322300002200353502010500375700003900480710006100519901002200580902000600602905006300608942000600671999001900677952011300696Para_10247220602s9999 xx 000 0 und d aPA CD - TESIS 292 aMorales Santis, Josué Gerardo9125911 aPatoPatogenicidad y virulencia de cepas de Beauveria bassiana sobre gallina ciega (coleoptera: melolonthidae) de los altos de chiapas / Morales Santis, Josué Gerardo. Director Amalia Pérez Valdez aChapingo, Méx.: el autor a1 CDS ROM (53 p.) aTesis (Ing. Agr. Esp. en Parasitología Agrícola). UACh. Departamento Parasitología Agrícola aPérez Valdéz, Amalia. Director aUACh. Departamento Parasitología AgrícolaÌ9185010 aPA CD - TESIS 292 aM a513220Octubre, 2013 an 8100000000 06 c2 c217270d217270 00102local4051708TESISaPAbPAc10d2015-04-17l0pPA_010473r2022-06-02 00:00:00t1w2022-06-02yTDz3